Pokémon - Les attaques de Ampibidou - Statistiques

Statistiques générales
  • Ce quiz a été pris 14 fois
  • Le résultat moyen est 10 sur 14
Statistiques - réponses
Niveaux Types Noms des attaques % Correct
Départ Normal Charge
100%
Niveau 17 Électrique Chargeur
100%
Niveau 32 Électrique Coup d'Jus
100%
Niveau 7 Électrique Éclair
100%
Niveau 50 Électrique Élecanon
100%
Niveau 24 Sol Tir de Boue
100%
Départ Sol Coud'Boue
86%
Niveau 21 Électrique Étincelle
86%
Niveau 11 Eau Pistolet à O
86%
Niveau 40 Électrique Champ Électrifié
43%
Niveau 45 Ténèbres Coup Bas
29%
Niveau 25 Normal Gigotage
29%
Départ Normal Paresse
29%
Niveau 36 Normal Ball'Météo
0%
Aucun quiz correspondant
Distribution des résultats
% des personnes avec chaque résultat
Percentile par nombre de réponses
Votre historique - résultats
Vous n’avez pas pris ce quiz